000 00487nam a2200145Ia 4500
008 220216s9999 xx 000 0 und d
100 _aIbrahim A
245 0 _aAeration systems for the treatment of effluent from latex concentrate factories
260 _bProceedings of the International Rubber Conference, Kuala Lumpur, Malaysia, V.2. 1985; p202-208
650 _aAeration system
650 _aEffluent treatment
650 _aLatex concentrate
700 _aJohn C K
942 _cJS
999 _c53902
_d53902